山西省城市 - Statistics

General Stats
  • This quiz has been taken 20 times
  • The average score is 9 of 11
Answers on the Grid
Answers color-coded by a green-red scale on the quiz's grid according to % correct below.
太原
大同
朔州
忻州
阳泉
吕梁
晋中
长治
晋城
临汾
运城
白城
三明
金华
临沂
曲靖
河池
贵港
定西
中卫
固原
安阳
 
Answer Stats
Answer % Correct
太原
91%
大同
91%
朔州
91%
长治
91%
忻州
82%
晋中
82%
晋城
82%
阳泉
73%
临汾
73%
运城
73%
吕梁
64%
No matching quizzes found
Score Distribution
Percent of People with Each Score
Percentile by Number Answered
Your Score History
You have not taken this quiz